Closest Countries to Cabo Verde Quiz Stats

Quiz Updated Feb 28, 2017

Challenge
Share
Tweet
Embed
Score 0/20 Timer 03:00
0 Plays Today
Distance Country % Correct
755 kmMorocco
94.1%
2,455 kmNiger
90.6%
571 kmSenegal
89.6%
1,130 kmMali
89.1%
1,051 kmGuinea
88.2%
1,869 kmAlgeria
88%
2,242 kmGhana
87%
659 kmMauritania
86.5%
1,722 kmCôte d'Ivoire
86.2%
700 kmThe Gambia
85.9%
Distance Country % Correct
1,561 kmLiberia
85.8%
2,497 kmTogo
85.5%
759 kmGuinea Bissau
83.9%
1,264 kmSierra Leone
83.3%
1,302 kmSpain
82.3%
2,611 kmBenin
82.1%
1,949 kmBurkina Faso
79.6%
1,624 kmPortugal
78.5%
2,755 kmUnited Kingdom
55.4%
1,628 kmBrazil
34.1%

You're not logged in!

Compare scores with friends on all Sporcle quizzes.
Join for Free
OR
Log In

You Might Also Like...

Show Comments

Extras

Top Quizzes Today


Score Distribution

Your Account Isn't Verified!

In order to create a playlist on Sporcle, you need to verify the email address you used during registration. Go to your Sporcle Settings to finish the process.

Report this User

Report this user for behavior that violates our Community Guidelines.

Details: